African countries by population - Statistics

General Stats
  • This quiz has been taken 97 times
  • The average score is 37 of 57
Answer Stats
Population Country % Correct
132,059,767 Ethiopia
100%
232,679,478 Nigeria
100%
109,276,265 Democratic Republic of the Congo
99%
116,538,258 Egypt
99%
68,560,157 Tanzania
97%
64,007,187 South Africa
94%
56,432,944 Kenya
90%
50,448,963 Sudan
89%
50,015,092 Uganda
85%
46,814,308 Algeria
82%
38,081,173 Morocco
82%
37,885,849 Angola
77%
34,427,414 Ghana
77%
34,631,766 Mozambique
76%
31,934,230 Cote d'Ivoire
72%
31,964,956 Madagascar
72%
29,123,744 Cameroon
70%
130,418 Seychelles
70%
27,032,412 Niger
68%
235,536 Sao Tome and Principe
68%
19,009,151 Somalia
66%
24,478,595 Mali
65%
1,271,169 Mauritius
65%
18,501,984 Senegal
65%
20,299,123 Chad
63%
866,628 Comoros
63%
12,277,109 Tunisia
62%
21,314,956 Zambia
61%
23,548,781 Burkina Faso
59%
5,330,690 Central African Republic
59%
14,754,785 Guinea
59%
16,634,373 Zimbabwe
59%
7,381,023 Libya
58%
6,332,961 Republic of the Congo
58%
14,256,567 Rwanda
58%
1,242,822 Eswatini
56%
2,337,423 Lesotho
56%
5,612,817 Liberia
56%
21,655,286 Malawi
56%
11,943,408 South Sudan
56%
14,047,786 Burundi
55%
1,168,722 Djibouti
55%
1,892,516 Equatorial Guinea
55%
5,169,395 Mauritania
55%
8,642,022 Sierra Leone
55%
14,462,724 Benin
54%
2,759,988 Gambia
54%
2,201,352 Guinea-Bissau
54%
2,521,139 Botswana
52%
3,535,603 Eritrea
52%
2,538,952 Gabon
52%
3,030,131 Namibia
52%
9,515,236 Togo
52%
524,877 Cabo Verde
42%
878,591 Reunion
18%
590,506 Western Sahara
18%
326,505 Mayotte
13%
No matching quizzes found
Score Distribution
Percent of People with Each Score
Percentile by Number Answered
Your Score History
You have not taken this quiz